<?xml version="1.0" encoding="UTF-8"?>
<record
    xmlns:xsi="http://www.w3.org/2001/XMLSchema-instance"
    xsi:schemaLocation="http://www.loc.gov/MARC21/slim http://www.loc.gov/standards/marcxml/schema/MARC21slim.xsd"
    xmlns="http://www.loc.gov/MARC21/slim">

  <leader>00917nam a2200253Ia 4500</leader>
  <controlfield tag="005">20220216105103.0</controlfield>
  <controlfield tag="008">210716s2009    xx            000 0 und d</controlfield>
  <datafield tag="020" ind1=" " ind2=" ">
    <subfield code="a">9780070660076</subfield>
  </datafield>
  <datafield tag="040" ind1=" " ind2=" ">
    <subfield code="c">AIMIT LIBRARY</subfield>
  </datafield>
  <datafield tag="041" ind1=" " ind2=" ">
    <subfield code="a">eng</subfield>
  </datafield>
  <datafield tag="082" ind1=" " ind2=" ">
    <subfield code="a">658.804 </subfield>
    <subfield code="2">4</subfield>
    <subfield code="b">ZEIV</subfield>
  </datafield>
  <datafield tag="100" ind1=" " ind2=" ">
    <subfield code="a">Zeithaml, Valarie A.</subfield>
    <subfield code="9">20148</subfield>
  </datafield>
  <datafield tag="245" ind1=" " ind2=" ">
    <subfield code="a">Services marketing :</subfield>
    <subfield code="b">integrating customer focus across the firm /</subfield>
    <subfield code="c">By Valarie A Zeithaml...[et.al].</subfield>
  </datafield>
  <datafield tag="250" ind1=" " ind2=" ">
    <subfield code="a">4th ed.</subfield>
    <subfield code="b">Special Indian Edition</subfield>
  </datafield>
  <datafield tag="260" ind1=" " ind2=" ">
    <subfield code="a">New Delhi :</subfield>
    <subfield code="b">Tata McGraw Hill Publishing Company Ltd ,</subfield>
    <subfield code="c">2009.</subfield>
  </datafield>
  <datafield tag="300" ind1=" " ind2=" ">
    <subfield code="a">Xxix, 743p. ;</subfield>
    <subfield code="c">24 cm.</subfield>
  </datafield>
  <datafield tag="650" ind1=" " ind2=" ">
    <subfield code="a">Customer perceptions of services</subfield>
    <subfield code="9">20149</subfield>
  </datafield>
  <datafield tag="650" ind1=" " ind2=" ">
    <subfield code="a">Aligning service design and standards </subfield>
    <subfield code="9">20150</subfield>
  </datafield>
  <datafield tag="650" ind1=" " ind2=" ">
    <subfield code="a">Understanding customer requirements</subfield>
    <subfield code="9">20151</subfield>
  </datafield>
  <datafield tag="700" ind1=" " ind2=" ">
    <subfield code="a">Gremler, Dwayne D.</subfield>
    <subfield code="9">20152</subfield>
  </datafield>
  <datafield tag="700" ind1=" " ind2=" ">
    <subfield code="a">Bitner, Mary Jo.</subfield>
    <subfield code="9">20153</subfield>
  </datafield>
  <datafield tag="700" ind1=" " ind2=" ">
    <subfield code="a">Pandit, Ajay.</subfield>
    <subfield code="9">20154</subfield>
  </datafield>
  <datafield tag="942" ind1=" " ind2=" ">
    <subfield code="2">ddc</subfield>
    <subfield code="c">BK</subfield>
    <subfield code="e">4th</subfield>
    <subfield code="k">658.804 ZEIV</subfield>
  </datafield>
  <datafield tag="999" ind1=" " ind2=" ">
    <subfield code="c">202073</subfield>
    <subfield code="d">202073</subfield>
  </datafield>
  <datafield tag="952" ind1=" " ind2=" ">
    <subfield code="0">0</subfield>
    <subfield code="1">0</subfield>
    <subfield code="2">ddc</subfield>
    <subfield code="4">0</subfield>
    <subfield code="7">0</subfield>
    <subfield code="8">MBA</subfield>
    <subfield code="a">AIMIT</subfield>
    <subfield code="b">AIMIT</subfield>
    <subfield code="d">2008-01-02</subfield>
    <subfield code="g">425.00</subfield>
    <subfield code="i">Bill no:8013; Bill dt:2007-12-18</subfield>
    <subfield code="l">0</subfield>
    <subfield code="o">658.804 ZEIV</subfield>
    <subfield code="p">MBA04639</subfield>
    <subfield code="r">2026-05-23 00:00:00</subfield>
    <subfield code="v">318.75</subfield>
    <subfield code="w">2021-07-16</subfield>
    <subfield code="y">BK</subfield>
  </datafield>
  <datafield tag="952" ind1=" " ind2=" ">
    <subfield code="0">0</subfield>
    <subfield code="1">0</subfield>
    <subfield code="2">ddc</subfield>
    <subfield code="4">0</subfield>
    <subfield code="7">0</subfield>
    <subfield code="8">MBA</subfield>
    <subfield code="a">AIMIT</subfield>
    <subfield code="b">AIMIT</subfield>
    <subfield code="d">2009-04-17</subfield>
    <subfield code="g">425.00</subfield>
    <subfield code="i">Bill no:9191; Bill dt:2009-02-12</subfield>
    <subfield code="l">0</subfield>
    <subfield code="o">658.804 ZEIV</subfield>
    <subfield code="p">MBA05906</subfield>
    <subfield code="r">2026-05-23 00:00:00</subfield>
    <subfield code="v">318.75</subfield>
    <subfield code="w">2021-07-16</subfield>
    <subfield code="y">BK</subfield>
  </datafield>
  <datafield tag="952" ind1=" " ind2=" ">
    <subfield code="0">0</subfield>
    <subfield code="1">0</subfield>
    <subfield code="2">ddc</subfield>
    <subfield code="4">0</subfield>
    <subfield code="7">0</subfield>
    <subfield code="8">MBA</subfield>
    <subfield code="a">AIMIT</subfield>
    <subfield code="b">AIMIT</subfield>
    <subfield code="d">2009-10-10</subfield>
    <subfield code="g">450.00</subfield>
    <subfield code="i">Bill no:283; Bill dt:2009-09-17</subfield>
    <subfield code="l">0</subfield>
    <subfield code="o">658.804 ZEIV</subfield>
    <subfield code="p">MBA06469</subfield>
    <subfield code="r">2026-05-23 00:00:00</subfield>
    <subfield code="v">337.50</subfield>
    <subfield code="w">2021-07-16</subfield>
    <subfield code="y">BK</subfield>
  </datafield>
  <datafield tag="952" ind1=" " ind2=" ">
    <subfield code="0">0</subfield>
    <subfield code="1">0</subfield>
    <subfield code="2">ddc</subfield>
    <subfield code="4">0</subfield>
    <subfield code="7">0</subfield>
    <subfield code="8">MBA</subfield>
    <subfield code="a">AIMIT</subfield>
    <subfield code="b">AIMIT</subfield>
    <subfield code="d">2009-10-10</subfield>
    <subfield code="g">450.00</subfield>
    <subfield code="i">Bill no:283; Bill dt:2009-09-17</subfield>
    <subfield code="l">0</subfield>
    <subfield code="o">658.804 ZEIV</subfield>
    <subfield code="p">MBA06470</subfield>
    <subfield code="r">2026-05-23 00:00:00</subfield>
    <subfield code="v">337.50</subfield>
    <subfield code="w">2021-07-16</subfield>
    <subfield code="y">BK</subfield>
  </datafield>
  <datafield tag="952" ind1=" " ind2=" ">
    <subfield code="0">0</subfield>
    <subfield code="1">0</subfield>
    <subfield code="2">ddc</subfield>
    <subfield code="4">0</subfield>
    <subfield code="7">0</subfield>
    <subfield code="8">MBA</subfield>
    <subfield code="a">AIMIT</subfield>
    <subfield code="b">AIMIT</subfield>
    <subfield code="d">2009-10-10</subfield>
    <subfield code="g">450.00</subfield>
    <subfield code="i">Bill no:283; Bill dt:2009-09-17</subfield>
    <subfield code="l">0</subfield>
    <subfield code="o">658.804 ZEIV</subfield>
    <subfield code="p">MBA06471</subfield>
    <subfield code="r">2026-05-23 00:00:00</subfield>
    <subfield code="v">337.50</subfield>
    <subfield code="w">2021-07-16</subfield>
    <subfield code="y">BK</subfield>
  </datafield>
  <datafield tag="952" ind1=" " ind2=" ">
    <subfield code="0">0</subfield>
    <subfield code="1">0</subfield>
    <subfield code="2">ddc</subfield>
    <subfield code="4">0</subfield>
    <subfield code="7">0</subfield>
    <subfield code="8">MBA</subfield>
    <subfield code="a">AIMIT</subfield>
    <subfield code="b">AIMIT</subfield>
    <subfield code="d">2009-10-10</subfield>
    <subfield code="g">450.00</subfield>
    <subfield code="i">Bill no:283; Bill dt:2009-09-17</subfield>
    <subfield code="l">0</subfield>
    <subfield code="o">658.804 ZEIV</subfield>
    <subfield code="p">MBA06472</subfield>
    <subfield code="r">2026-05-23 00:00:00</subfield>
    <subfield code="v">337.50</subfield>
    <subfield code="w">2021-07-16</subfield>
    <subfield code="y">BK</subfield>
  </datafield>
  <datafield tag="952" ind1=" " ind2=" ">
    <subfield code="0">0</subfield>
    <subfield code="1">0</subfield>
    <subfield code="2">ddc</subfield>
    <subfield code="4">0</subfield>
    <subfield code="7">0</subfield>
    <subfield code="8">MBA</subfield>
    <subfield code="a">AIMIT</subfield>
    <subfield code="b">AIMIT</subfield>
    <subfield code="d">2009-10-10</subfield>
    <subfield code="g">450.00</subfield>
    <subfield code="i">Bill no:283; Bill dt:2009-09-17</subfield>
    <subfield code="l">0</subfield>
    <subfield code="o">658.804 ZEIV</subfield>
    <subfield code="p">MBA06473</subfield>
    <subfield code="r">2026-05-23 00:00:00</subfield>
    <subfield code="v">337.50</subfield>
    <subfield code="w">2021-07-16</subfield>
    <subfield code="y">BK</subfield>
  </datafield>
  <datafield tag="952" ind1=" " ind2=" ">
    <subfield code="0">0</subfield>
    <subfield code="1">0</subfield>
    <subfield code="2">ddc</subfield>
    <subfield code="4">0</subfield>
    <subfield code="7">0</subfield>
    <subfield code="8">MBA</subfield>
    <subfield code="a">AIMIT</subfield>
    <subfield code="b">AIMIT</subfield>
    <subfield code="d">2009-10-10</subfield>
    <subfield code="g">450.00</subfield>
    <subfield code="i">Bill no:283; Bill dt:2009-09-17</subfield>
    <subfield code="l">0</subfield>
    <subfield code="o">658.804 ZEIV</subfield>
    <subfield code="p">MBA06474</subfield>
    <subfield code="r">2026-05-23 00:00:00</subfield>
    <subfield code="v">337.50</subfield>
    <subfield code="w">2021-07-16</subfield>
    <subfield code="y">BK</subfield>
  </datafield>
  <datafield tag="952" ind1=" " ind2=" ">
    <subfield code="0">0</subfield>
    <subfield code="1">0</subfield>
    <subfield code="2">ddc</subfield>
    <subfield code="4">0</subfield>
    <subfield code="7">0</subfield>
    <subfield code="8">MBA</subfield>
    <subfield code="a">AIMIT</subfield>
    <subfield code="b">AIMIT</subfield>
    <subfield code="d">2009-10-10</subfield>
    <subfield code="g">450.00</subfield>
    <subfield code="i">Bill no:283; Bill dt:2009-09-17</subfield>
    <subfield code="l">0</subfield>
    <subfield code="o">658.804 ZEIV</subfield>
    <subfield code="p">MBA06475</subfield>
    <subfield code="r">2026-05-23 00:00:00</subfield>
    <subfield code="v">337.50</subfield>
    <subfield code="w">2021-07-16</subfield>
    <subfield code="y">BK</subfield>
  </datafield>
  <datafield tag="952" ind1=" " ind2=" ">
    <subfield code="0">0</subfield>
    <subfield code="1">0</subfield>
    <subfield code="2">ddc</subfield>
    <subfield code="4">0</subfield>
    <subfield code="7">0</subfield>
    <subfield code="8">MBA</subfield>
    <subfield code="a">AIMIT</subfield>
    <subfield code="b">AIMIT</subfield>
    <subfield code="d">2009-10-10</subfield>
    <subfield code="g">450.00</subfield>
    <subfield code="i">Bill no:283; Bill dt:2009-09-17</subfield>
    <subfield code="l">0</subfield>
    <subfield code="o">658.804 ZEIV</subfield>
    <subfield code="p">MBA06476</subfield>
    <subfield code="r">2026-05-23 00:00:00</subfield>
    <subfield code="v">337.50</subfield>
    <subfield code="w">2021-07-16</subfield>
    <subfield code="y">BK</subfield>
  </datafield>
  <datafield tag="952" ind1=" " ind2=" ">
    <subfield code="0">0</subfield>
    <subfield code="1">0</subfield>
    <subfield code="2">ddc</subfield>
    <subfield code="4">0</subfield>
    <subfield code="7">0</subfield>
    <subfield code="8">MBA</subfield>
    <subfield code="a">AIMIT</subfield>
    <subfield code="b">AIMIT</subfield>
    <subfield code="d">2009-10-10</subfield>
    <subfield code="g">450.00</subfield>
    <subfield code="i">Bill no:283; Bill dt:2009-09-17</subfield>
    <subfield code="l">0</subfield>
    <subfield code="o">658.804 ZEIV</subfield>
    <subfield code="p">MBA06477</subfield>
    <subfield code="r">2026-05-23 00:00:00</subfield>
    <subfield code="v">337.50</subfield>
    <subfield code="w">2021-07-16</subfield>
    <subfield code="y">BK</subfield>
  </datafield>
  <datafield tag="952" ind1=" " ind2=" ">
    <subfield code="0">0</subfield>
    <subfield code="1">0</subfield>
    <subfield code="2">ddc</subfield>
    <subfield code="4">0</subfield>
    <subfield code="7">0</subfield>
    <subfield code="8">MBA</subfield>
    <subfield code="a">AIMIT</subfield>
    <subfield code="b">AIMIT</subfield>
    <subfield code="d">2009-10-10</subfield>
    <subfield code="g">450.00</subfield>
    <subfield code="i">Bill no:283; Bill dt:2009-09-17</subfield>
    <subfield code="l">0</subfield>
    <subfield code="o">658.804 ZEIV</subfield>
    <subfield code="p">MBA06478</subfield>
    <subfield code="r">2026-05-23 00:00:00</subfield>
    <subfield code="v">337.50</subfield>
    <subfield code="w">2021-07-16</subfield>
    <subfield code="y">BK</subfield>
  </datafield>
  <datafield tag="952" ind1=" " ind2=" ">
    <subfield code="0">0</subfield>
    <subfield code="1">0</subfield>
    <subfield code="2">ddc</subfield>
    <subfield code="4">0</subfield>
    <subfield code="7">0</subfield>
    <subfield code="8">MBA</subfield>
    <subfield code="a">AIMIT</subfield>
    <subfield code="b">AIMIT</subfield>
    <subfield code="d">2009-10-10</subfield>
    <subfield code="g">450.00</subfield>
    <subfield code="i">Bill no:283; Bill dt:2009-09-17</subfield>
    <subfield code="l">0</subfield>
    <subfield code="o">658.804 ZEIV</subfield>
    <subfield code="p">MBA06479</subfield>
    <subfield code="r">2025-07-21 00:00:00</subfield>
    <subfield code="v">337.50</subfield>
    <subfield code="w">2021-07-16</subfield>
    <subfield code="y">BK</subfield>
  </datafield>
  <datafield tag="952" ind1=" " ind2=" ">
    <subfield code="0">0</subfield>
    <subfield code="1">0</subfield>
    <subfield code="2">ddc</subfield>
    <subfield code="4">0</subfield>
    <subfield code="7">0</subfield>
    <subfield code="8">MBA</subfield>
    <subfield code="a">AIMIT</subfield>
    <subfield code="b">AIMIT</subfield>
    <subfield code="d">2009-10-10</subfield>
    <subfield code="g">450.00</subfield>
    <subfield code="i">Bill no:283; Bill dt:2009-09-17</subfield>
    <subfield code="l">0</subfield>
    <subfield code="o">658.804 ZEIV</subfield>
    <subfield code="p">MBA06480</subfield>
    <subfield code="r">2026-05-23 00:00:00</subfield>
    <subfield code="v">337.50</subfield>
    <subfield code="w">2021-07-16</subfield>
    <subfield code="y">BK</subfield>
  </datafield>
  <datafield tag="952" ind1=" " ind2=" ">
    <subfield code="0">0</subfield>
    <subfield code="1">0</subfield>
    <subfield code="2">ddc</subfield>
    <subfield code="4">0</subfield>
    <subfield code="7">0</subfield>
    <subfield code="8">MBA</subfield>
    <subfield code="a">AIMIT</subfield>
    <subfield code="b">AIMIT</subfield>
    <subfield code="d">2009-10-10</subfield>
    <subfield code="g">450.00</subfield>
    <subfield code="i">Bill no:283; Bill dt:2009-09-17</subfield>
    <subfield code="l">0</subfield>
    <subfield code="o">658.804 ZEIV</subfield>
    <subfield code="p">MBA06481</subfield>
    <subfield code="r">2026-05-23 00:00:00</subfield>
    <subfield code="v">337.50</subfield>
    <subfield code="w">2021-07-16</subfield>
    <subfield code="y">BK</subfield>
  </datafield>
  <datafield tag="952" ind1=" " ind2=" ">
    <subfield code="0">0</subfield>
    <subfield code="1">0</subfield>
    <subfield code="2">ddc</subfield>
    <subfield code="4">0</subfield>
    <subfield code="7">0</subfield>
    <subfield code="8">MBA</subfield>
    <subfield code="a">AIMIT</subfield>
    <subfield code="b">AIMIT</subfield>
    <subfield code="d">2009-10-10</subfield>
    <subfield code="g">450.00</subfield>
    <subfield code="i">Bill no:283; Bill dt:2009-09-17</subfield>
    <subfield code="l">0</subfield>
    <subfield code="o">658.804 ZEIV</subfield>
    <subfield code="p">MBA06482</subfield>
    <subfield code="r">2026-05-23 00:00:00</subfield>
    <subfield code="v">337.50</subfield>
    <subfield code="w">2021-07-16</subfield>
    <subfield code="y">BK</subfield>
  </datafield>
  <datafield tag="952" ind1=" " ind2=" ">
    <subfield code="0">0</subfield>
    <subfield code="1">0</subfield>
    <subfield code="2">ddc</subfield>
    <subfield code="4">0</subfield>
    <subfield code="7">0</subfield>
    <subfield code="8">MBA</subfield>
    <subfield code="a">AIMIT</subfield>
    <subfield code="b">AIMIT</subfield>
    <subfield code="d">2009-10-10</subfield>
    <subfield code="g">450.00</subfield>
    <subfield code="i">Bill no:283; Bill dt:2009-09-17</subfield>
    <subfield code="l">0</subfield>
    <subfield code="o">658.804 ZEIV</subfield>
    <subfield code="p">MBA06483</subfield>
    <subfield code="r">2026-05-23 00:00:00</subfield>
    <subfield code="v">337.50</subfield>
    <subfield code="w">2021-07-16</subfield>
    <subfield code="y">BK</subfield>
  </datafield>
</record>
